| 000 | 00459nam a2200193Ia 4500 | ||
|---|---|---|---|
| 005 | 20240823055229.0 | ||
| 008 | 240823s9999||||xx |||||||||||||| ||und|| | ||
| 041 | _aENGLISH | ||
| 082 | _A519.4 Q6 | ||
| 100 | _aRanjna Mehta | ||
| 245 | 0 | _aNumerical Methods and Programming | |
| 250 | _a1st | ||
| 260 |
_c2016 _bAne Books Pv |
||
| 500 | _aYES | ||
| 650 |
_aNumerical Methods _bMathematics |
||
| 700 | _a Seema Paliwal | ||
| 942 | _cBK | ||
| 999 |
_c228297 _d228297 |
||